Loading...
| History - European | 0 | 3 | 0 | 0 | 30 | 50 | 67.33 | 0 | 2 | 9.82 | 18.18 |
| Mythology | 0 | 2 | 0 | 1 | 20 | 68 | 86.00 | 0 | 1 | 3.98 | 8.08 |
| History - World | 0 | 2 | 0 | 0 | 20 | 52 | 60.50 | 1 | 1 | 7.68 | 12.12 |
| Popular Culture | 0 | 1 | 0 | 0 | 10 | 46 | 46.00 | 0 | 0 | 9.70 | 11.11 |
| Literature - British | 0 | 1 | 0 | 0 | 10 | 31 | 31.00 | 1 | 1 | 6.55 | 9.09 |
| Social Science | 0 | 1 | 0 | 0 | 10 | 94 | 94.00 | 0 | 0 | 1.82 | 5.56 |
| Religion | 0 | 1 | 0 | 1 | 10 | 102 | 102.00 | 0 | 0 | 0.09 | 2.02 |
| Philosophy | 0 | 0 | 1 | 0 | -5 | 0.00 | 0 | 0 | 0.00 | 0.00 | |
| Geography | 0 | 0 | 1 | 0 | -5 | 0.00 | 0 | 0 | 0.00 | 0.00 | |
| Science - Other | 0 | 0 | 1 | 0 | -5 | 0.00 | 0 | 0 | 0.00 | 0.00 |